Giáo trình luật thương mại
Nội dung tài liệu trình bày khái quát về luật thương mại Việt Nam. Giới thiệu pháp luật về doanh nghiệp tư nhân và hộ kinh doanh cá thể, pháp luật về công ty, doanh nghiệp nhà nước, hợp tác xã, pháp luật cạnh tranh và pháp luật cạnh tranh...
Đã lưu trong:
| 主要作者: | |
|---|---|
| 格式: | 圖書 |
| 語言: | Undetermined |
| 出版: |
Hà Nội
Công an Nhân dân
2015
|
| 主題: | |
| 標簽: |
添加標簽
沒有標簽, 成為第一個標記此記錄!
|
| Thư viện lưu trữ: | Trung tâm Học liệu Trường Đại học Cần Thơ |
|---|
| LEADER | 01223nam a2200241Ia 4500 | ||
|---|---|---|---|
| 001 | CTU_203084 | ||
| 008 | 210402s9999 xx 000 0 und d | ||
| 020 | |c 66000 | ||
| 082 | |a 346.59707 | ||
| 082 | |b T600/T.2 | ||
| 100 | |a Nguyễn, Viết Tý | ||
| 245 | 0 | |a Giáo trình luật thương mại | |
| 245 | 0 | |c Nguyễn Viết Tý (chủ biên) | |
| 260 | |a Hà Nội | ||
| 260 | |b Công an Nhân dân | ||
| 260 | |c 2015 | ||
| 520 | |a Nội dung tài liệu trình bày khái quát về luật thương mại Việt Nam. Giới thiệu pháp luật về doanh nghiệp tư nhân và hộ kinh doanh cá thể, pháp luật về công ty, doanh nghiệp nhà nước, hợp tác xã, pháp luật cạnh tranh và pháp luật cạnh tranh ở Việt Nam hiện nay, quản lí nhà nước trong lĩnh vực thương mại | ||
| 526 | |a Pháp luật về hợp đồng trong kinh doanh,Luật kinh tế | ||
| 526 | |b KL603,KL602 | ||
| 650 | |a Commercial law,Luật thương mại | ||
| 650 | |z Vietnam,Việt Nam | ||
| 904 | |i Bằng | ||
| 980 | |a Trung tâm Học liệu Trường Đại học Cần Thơ | ||